[Event "Ct. Girona indiv. Absolut"]
[Site "Sant Gregori/Girona/Blanes"]
[Date "2014.11.23"]
[Round "8"]
[White "Vidal Palou, J."]
[Black "Huici Bentue, D."]
[Result "0-1"]
[WhiteElo "1934"]
[BlackElo "2148"]
[PlyCount "78"]
[EventDate "2014.??.??"]
[EventType "swiss"]
[EventRounds "9"]
[EventCountry "ESP"]

1. d4 c5 2. c3 cxd4 3. cxd4 d5 4. e3 Nc6 5. Bd3 e5 6. dxe5 Nxe5 7. Bb5+ Nc6 8.
Ne2 Nf6 9. O-O Bd6 10. Ng3 h5 11. f4 h4 12. Nh1 Qb6 13. Nc3 Bc5 14. Nf2 O-O 15.
Bxc6 Qxc6 16. Nd3 b6 17. Ne5 Qe6 18. h3 Ba6 19. Rf3 Bb7 20. Rf1 Rad8 21. Na4
Bd6 22. Nf3 b5 23. Nc3 Bc5 24. Nd4 Qb6 25. Nce2 Ne4 26. Qe1 Qf6 27. b4 Be7 28.
Bb2 Qb6 29. Nf5 Bf6 30. Ned4 Rfe8 31. Nxh4 Nd6 32. Nhf3 Nc4 33. Bc1 Re4 34. Ne5
Rxd4 35. Ng4 Re4 36. Rb1 d4 37. Rb3 dxe3 38. Kh1 e2 39. Nxf6+ Qxf6 0-1

[Event "Ct. Girona indiv. Absolut"]
[Site "Sant Gregori/Girona/Blanes"]
[Date "2014.11.23"]
[Round "8"]
[White "Vilar Lopez, M."]
[Black "Vidal Zamora, A."]
[Result "0-1"]
[WhiteElo "2220"]
[BlackElo "2391"]
[PlyCount "64"]
[EventDate "2014.??.??"]
[EventType "swiss"]
[EventRounds "9"]
[EventCountry "ESP"]

1. e4 c5 2. Nc3 Nc6 3. g3 g6 4. Bg2 Bg7 5. d3 d6 6. f4 Nh6 7. h3 f5 8. Nf3 O-O
9. O-O Nf7 10. Be3 Nd4 11. Rb1 Bd7 12. Nh4 Rb8 13. exf5 gxf5 14. Ne2 e6 15. c3
Nxe2+ 16. Qxe2 Qa5 17. a3 d5 18. Qf2 b6 19. g4 Nd6 20. Kh1 Qb5 21. Rbd1 Qb3 22.
Rg1 Ba4 23. Bf3 Qb5 24. Rd2 Qd7 25. Qg2 Kh8 26. gxf5 Nxf5 27. Nxf5 Rxf5 28. Bg4
d4 29. Bxf5 exf5 30. Qxg7+ Qxg7 31. Rxg7 dxe3 32. Rdg2 Re8 0-1

[Event "Ct. Girona indiv. Absolut"]
[Site "Sant Gregori/Girona/Blanes"]
[Date "2014.11.23"]
[Round "8"]
[White "Zamora Alarcon, J."]
[Black "Palmero Castillo, M."]
[Result "0-1"]
[WhiteElo "1987"]
[BlackElo "1926"]
[PlyCount "104"]
[EventDate "2014.??.??"]
[EventType "swiss"]
[EventRounds "9"]
[EventCountry "ESP"]

1. e4 c5 2. Nc3 Nc6 3. g3 g6 4. Bg2 Bg7 5. d3 e6 6. f4 Nge7 7. Nf3 O-O 8. O-O
d6 9. Qd2 Rb8 10. b3 b5 11. Bb2 Nd4 12. Nd1 Nec6 13. Nxd4 Nxd4 14. c3 Nc6 15.
e5 Ne7 16. d4 dxe5 17. fxe5 Bb7 18. a4 Bxg2 19. Qxg2 cxd4 20. cxd4 bxa4 21.
Rxa4 Qc7 22. Rf3 Rfd8 23. Rc3 Qb6 24. Ne3 Nd5 25. Nxd5 Rxd5 26. Qf2 Rbd8 27.
Rf3 Qb7 28. Qe2 Rb5 29. Rxa7 Qxa7 30. Qxb5 Rb8 31. Qe2 Qb7 32. Rd3 Qd5 33. Qf3
Qa5 34. Bc3 Qa2 35. Be1 Bf8 36. h4 Qb1 37. Kf2 Rc8 38. Rd1 Qb2+ 39. Kf1 Rb8 40.
Rd3 Qb1 41. g4 Rc8 42. Rc3 Rb8 43. Qd3 Qa1 44. Qc2 Bb4 45. Re3 Bxe1 46. Rxe1
Qxd4 47. Re4 Qd5 48. b4 Ra8 49. Rc4 Qf3+ 50. Ke1 Qe3+ 51. Kf1 Ra1+ 52. Kg2 Rg1+
0-1

[Event "Ct. Girona indiv. Absolut"]
[Site "Sant Gregori/Girona/Blanes"]
[Date "2014.11.30"]
[Round "9"]
[White "Aymerich Verdaguer, E."]
[Black "Domenech Plana, J."]
[Result "0-1"]
[WhiteElo "2242"]
[BlackElo "2315"]
[PlyCount "109"]
[EventDate "2014.??.??"]
[EventType "swiss"]
[EventRounds "9"]
[EventCountry "ESP"]

1. d4 c5 2. d5 e5 3. e4 d6 4. Nc3 Ne7 5. Nf3 Ng6 6. h4 Bg4 7. g3 h6 8. Be2 Nd7
9. Be3 a6 10. a4 Qa5 11. O-O Be7 12. Nd2 Bxe2 13. Qxe2 Qd8 14. h5 Ngf8 15. f4
g6 16. Nc4 gxh5 17. fxe5 Nxe5 18. Nxe5 dxe5 19. Qf2 Rh7 20. d6 Qxd6 21. Nd5 Rc8
22. Rad1 h4 23. Qd2 Qe6 24. Rf5 Rg7 25. Nxe7 Rxg3+ 26. Kh2 Qxe7 27. Bxh6 Ne6
28. Rxe5 Rd8 29. Qxd8+ Qxd8 30. Rxd8+ Kxd8 31. Rf5 Ke7 32. e5 Rg4 33. b3 Re4
34. Kh3 Re1 35. Rf2 Rxe5 36. Kxh4 Re4+ 37. Kg3 f6 38. Bc1 Nd4 39. Bb2 Ke6 40.
Ba3 Re3+ 41. Kg2 Rc3 42. Bb2 Re3 43. Ba3 Re5 44. Bb2 f5 45. Kf1 Re4 46. Bc1 Ke5
47. Ba3 Rf4 48. Bxc5 Rxf2+ 49. Kxf2 Nxc2 50. Ba7 Nb4 51. Ke2 Nc6 52. Bf2 Nd4+
53. Kd3 Nxb3 54. Kc4 Nd2+ 55. Kb4 0-1

[Event "Ct. Girona indiv. Absolut"]
[Site "Sant Gregori/Girona/Blanes"]
[Date "2014.11.30"]
[Round "9"]
[White "Campo Echevarria, JF."]
[Black "Pinsach Gelabert, A."]
[Result "0-1"]
[WhiteElo "2171"]
[BlackElo "2302"]
[PlyCount "62"]
[EventDate "2014.??.??"]
[EventType "swiss"]
[EventRounds "9"]
[EventCountry "ESP"]

1. e4 e5 2. Nf3 Nc6 3. Bb5 a6 4. Ba4 Nf6 5. O-O b5 6. Bb3 Bb7 7. d3 Be7 8. a4
d6 9. Re1 Na5 10. Ba2 b4 11. c3 c5 12. Nbd2 O-O 13. Nc4 Rb8 14. Bg5 Nxc4 15.
Bxc4 Ne8 16. Bxe7 Qxe7 17. a5 Nc7 18. cxb4 cxb4 19. Qd2 Bc6 20. d4 Bb5 21. Qxb4
Bxc4 22. Qxc4 Rxb2 23. dxe5 dxe5 24. Qc3 Rfb8 25. Qxe5 Ne6 26. Qc3 Nf4 27. Qe5
Qa7 28. Qd4 Qc7 29. Kf1 Ne6 30. Qe3 R8b3 31. Qc1 Rc2 0-1

[Event "Ct. Girona indiv. Absolut"]
[Site "Sant Gregori/Girona/Blanes"]
[Date "2014.11.30"]
[Round "9"]
[White "Castillo Fernandez, C."]
[Black "Caballero Maytin, J."]
[Result "1-0"]
[WhiteElo "2243"]
[BlackElo "2148"]
[PlyCount "87"]
[EventDate "2014.??.??"]
[EventType "swiss"]
[EventRounds "9"]
[EventCountry "ESP"]

1. d4 Nf6 2. Bg5 Ne4 3. Bf4 e6 4. f3 Bd6 5. Bxd6 Nxd6 6. e3 O-O 7. Bd3 Qg5 8.
Qd2 b6 9. Nh3 Qh4+ 10. Qf2 Qxf2+ 11. Nxf2 Ba6 12. Nd2 Bxd3 13. Nxd3 Nf5 14. Ke2
d6 15. c4 Nd7 16. b4 Ne7 17. Rhc1 f5 18. c5 dxc5 19. bxc5 b5 20. a4 bxa4 21.
Rxa4 Rfb8 22. Rca1 Rb7 23. Nc4 Nc6 24. Na5 Nxa5 25. Rxa5 c6 26. Ra6 Nb8 27.
R6a4 a6 28. Kd2 Rb5 29. Kc3 Kf7 30. Ne5+ Ke7 31. Nc4 Kd7 32. Nb6+ Rxb6 33. cxb6
Kc8 34. Kc4 Kb7 35. Kc5 Nd7+ 36. Kd6 Nxb6 37. Rb1 Rd8+ 38. Kxe6 Kc7 39. Rxa6
Re8+ 40. Kf7 Rb8 41. Raxb6 Rxb6 42. Rxb6 Kxb6 43. Kxg7 Kb5 44. Kf6 1-0

[Event "Ct. Girona indiv. Absolut"]
[Site "Sant Gregori/Girona/Blanes"]
[Date "2014.11.30"]
[Round "9"]
[White "Estevez Montilla, F."]
[Black "De Rodriguez Fernandez, B."]
[Result "1-0"]
[WhiteElo "1973"]
[BlackElo "1874"]
[PlyCount "55"]
[EventDate "2014.??.??"]
[EventType "swiss"]
[EventRounds "9"]
[EventCountry "ESP"]

1. e4 e5 2. Nf3 Nf6 3. Nxe5 d6 4. Nf3 Nxe4 5. d4 d5 6. Bd3 Bf5 7. O-O Be7 8.
Re1 Nd7 9. c4 c6 10. cxd5 cxd5 11. Qb3 Nb6 12. Bb5+ Bd7 13. Ne5 Nf6 14. Nxd7
Nbxd7 15. Nc3 a6 16. Bxd7+ Qxd7 17. Bg5 O-O 18. Re5 Rfe8 19. Nxd5 Nxd5 20. Rxd5
Qe6 21. Be3 b5 22. Kf1 Bf6 23. Re1 Rac8 24. Bd2 Rc1 25. Rxc1 Qe2+ 26. Kg1 Qxd2
27. Qc3 Qe2 28. g3 1-0

[Event "Ct. Girona indiv. Absolut"]
[Site "Sant Gregori/Girona/Blanes"]
[Date "2014.11.30"]
[Round "9"]
[White "Huici Bentue, D."]
[Black "Salagran Ferragut, G."]
[Result "0-1"]
[WhiteElo "2148"]
[BlackElo "2168"]
[PlyCount "86"]
[EventDate "2014.??.??"]
[EventType "swiss"]
[EventRounds "9"]
[EventCountry "ESP"]

1. e4 c5 2. Nc3 Nc6 3. g3 g6 4. Bg2 Bg7 5. d3 d6 6. Be3 Rb8 7. Qd2 b5 8. Nge2
b4 9. Nd1 Bd7 10. O-O Nf6 11. Bh6 O-O 12. Bxg7 Kxg7 13. Ne3 Qb6 14. h3 a5 15.
Kh2 a4 16. f4 b3 17. Nc4 Qc7 18. axb3 axb3 19. c3 Be6 20. Ne3 Ra8 21. d4 Rxa1
22. Rxa1 Nb8 23. d5 Bc8 24. c4 e5 25. f5 Na6 26. Qc3 Qb6 27. Ra3 Bd7 28. Rxb3
Nb4 29. g4 g5 30. Nc2 Ba4 31. Nxb4 Bxb3 32. Qe3 h6 33. Qxb3 cxb4 34. Nc1 Ra8
35. Nd3 Ra1 36. c5 dxc5 37. Nxe5 Qd6 38. Qg3 Rd1 39. h4 gxh4 40. Qf4 Nd7 41.
Nd3 Qxf4+ 42. Nxf4 c4 43. Ne2 Rd2 0-1

[Event "Ct. Girona indiv. Absolut"]
[Site "Sant Gregori/Girona/Blanes"]
[Date "2014.11.30"]
[Round "9"]
[White "Mogro Flores, S."]
[Black "Vilar Lopez, M."]
[Result "1-0"]
[WhiteElo "2159"]
[BlackElo "2220"]
[PlyCount "131"]
[EventDate "2014.??.??"]
[EventType "swiss"]
[EventRounds "9"]
[EventCountry "ESP"]

1. Nf3 d5 2. g3 c5 3. Bg2 Nc6 4. d4 e6 5. O-O Nf6 6. Bg5 h6 7. Bxf6 Qxf6 8. c3
Bd6 9. e4 dxe4 10. Nfd2 O-O 11. Nxe4 Qe7 12. d5 exd5 13. Qxd5 Rd8 14. Na3 Be6
15. Qh5 a6 16. Rfe1 Qc7 17. Nxc5 Bxc5 18. Qxc5 Rd2 19. Nc4 Bxc4 20. Qxc4 Qb6
21. Qf4 Rad8 22. Re8+ Rxe8 23. Qxd2 Rd8 24. Qe2 g6 25. Re1 a5 26. b3 h5 27. Rd1
Rxd1+ 28. Qxd1 Qc7 29. Bd5 Ne7 30. Bc4 Nf5 31. Qf3 Qe7 32. a4 Qe1+ 33. Kg2 Qe7
34. Qd5 b6 35. b4 h4 36. bxa5 bxa5 37. Bd3 Nh6 38. Bxg6 hxg3 39. hxg3 Ng4 40.
Bd3 Ne5 41. Qe4 Qd6 42. Be2 Nc6 43. Qe8+ Kg7 44. Bf3 Ne5 45. Be4 Qc5 46. c4 Ng4
47. Bd5 Qxf2+ 48. Kh3 Ne3 49. Qe5+ Kg8 50. Qf4 Qxf4 51. gxf4 Kf8 52. Kg3 Ke7
53. Kf3 Nd1 54. Bc6 Nb2 55. Bb5 Kd6 56. Kg4 Kc5 57. Kg5 Nxc4 58. f5 Nd6 59. Bd7
Kb4 60. Kf6 Kc5 61. Ke7 Kd5 62. f6 Ke5 63. Bc6 Nf5+ 64. Kxf7 Nd6+ 65. Kg6 Ke6
66. Bf3 1-0

[Event "Ct. Girona indiv. Absolut"]
[Site "Sant Gregori/Girona/Blanes"]
[Date "2014.11.30"]
[Round "9"]
[White "Palmero Castillo, M."]
[Black "Gonzalez Escudero, J."]
[Result "0-1"]
[WhiteElo "1926"]
[BlackElo "1992"]
[PlyCount "40"]
[EventDate "2014.??.??"]
[EventType "swiss"]
[EventRounds "9"]
[EventCountry "ESP"]

1. e4 e6 2. d4 d5 3. Nd2 Nf6 4. e5 Nfd7 5. Bd3 c5 6. c3 Nc6 7. Ne2 cxd4 8. cxd4
f6 9. Nf4 Nxd4 10. Qh5+ Ke7 11. exf6+ Nxf6 12. Ng6+ hxg6 13. Qxh8 Kf7 14. O-O
e5 15. Rd1 Bf5 16. Nf1 e4 17. Bb1 Ne2+ 18. Kh1 Ng4 19. Be3 d4 20. Ng3 dxe3 0-1

[Event "Ct. Girona indiv. Absolut"]
[Site "Sant Gregori/Girona/Blanes"]
[Date "2014.11.30"]
[Round "9"]
[White "Ramirez Garcia, L."]
[Black "Mestres Ramon, P."]
[Result "0-1"]
[WhiteElo "1931"]
[BlackElo "2000"]
[PlyCount "50"]
[EventDate "2014.??.??"]
[EventType "swiss"]
[EventRounds "9"]
[EventCountry "ESP"]

1. e4 d5 2. exd5 Qxd5 3. Nf3 Bg4 4. Be2 Nc6 5. Nc3 Qd7 6. h3 Bf5 7. Bb5 a6 8.
Bxc6 Qxc6 9. O-O O-O-O 10. d3 f6 11. Qe2 g5 12. Be3 Qe8 13. Nd4 Bd7 14. f4 gxf4
15. Bf2 e5 16. Nf3 Ne7 17. Rfe1 Qg6 18. Nh4 Qg7 19. Kh1 Rg8 20. Rg1 Ng6 21.
Rae1 Nxh4 22. Bxh4 Qh6 23. Qf2 b6 24. Qf3 Kb8 25. Bf2 Bg4 0-1

[Event "Ct. Girona indiv. Absolut"]
[Site "Sant Gregori/Girona/Blanes"]
[Date "2014.11.30"]
[Round "9"]
[White "Rodriguez Martin, J."]
[Black "Otones Lopez, A."]
[Result "0-1"]
[WhiteElo "1755"]
[BlackElo "1981"]
[PlyCount "88"]
[EventDate "2014.??.??"]
[EventType "swiss"]
[EventRounds "9"]
[EventCountry "ESP"]

1. d4 Nf6 2. e3 d5 3. Nf3 Bg4 4. Nbd2 e6 5. Bd3 Nc6 6. a3 e5 7. e4 Nxd4 8. c3
Nxf3+ 9. Nxf3 dxe4 10. Qa4+ Bd7 11. Qa5 exf3 12. Qxe5+ Qe7 13. Qxe7+ Bxe7 14.
gxf3 Bc6 15. Be2 O-O-O 16. Rg1 g6 17. b4 a6 18. a4 b5 19. axb5 Bxb5 20. Bxb5
axb5 21. Rg5 Nd5 22. Rxd5 Rxd5 23. Ra8+ Kb7 24. Rxh8 Bf6 25. Rxh7 Bxc3+ 26. Ke2
Rd7 27. Rh4 f6 28. f4 f5 29. Rh3 Bxb4 30. Rb3 c5 31. Be3 Kc6 32. Kf3 Ba5 33.
Ra3 Bb6 34. Kg3 b4 35. Rb3 Kb5 36. Kh4 Bd8+ 37. Kg3 c4 38. Rb1 c3 39. Kf3 Bf6
40. Ke2 c2 41. Rg1 b3 42. Rxg6 Rd6 43. Bc1 b2 44. Rxf6 bxc1=N+ 0-1

[Event "Ct. Girona indiv. Absolut"]
[Site "Sant Gregori/Girona/Blanes"]
[Date "2014.11.30"]
[Round "9"]
[White "Serra Canals, O."]
[Black "Diaz Muñoz, S."]
[Result "0-1"]
[WhiteElo "2168"]
[BlackElo "2172"]
[PlyCount "108"]
[EventDate "2014.??.??"]
[EventType "swiss"]
[EventRounds "9"]
[EventCountry "ESP"]

1. d4 Nf6 2. c4 e6 3. Nf3 b6 4. a3 Bb7 5. Nc3 d5 6. cxd5 Nxd5 7. Qc2 Be7 8. e4
Nxc3 9. bxc3 O-O 10. Bd3 c5 11. O-O cxd4 12. cxd4 h6 13. Rd1 Kh8 14. Bf4 Nc6
15. d5 exd5 16. exd5 Na5 17. Qe2 Bf6 18. Qe4 g6 19. Be5 Kg7 20. Nh4 Bxe5 21.
Qxe5+ Qf6 22. Qxf6+ Kxf6 23. Be4 Rfe8 24. f3 Nb3 25. Ra2 Rad8 26. Kf2 Re5 27.
Re2 Nc5 28. g3 Ke7 29. Ng2 Kd6 30. g4 Rde8 31. Rd4 Ba6 32. Re1 Bb7 33. Ne3 b5
34. h4 Nxe4+ 35. fxe4 Kc5 36. Nc2 a5 37. Re3 Kd6 38. Ne1 f5 39. gxf5 gxf5 40.
Rg3 Rxe4 41. Rg6+ Kc5 42. Rxe4 fxe4 43. Ke3 Bxd5 44. Rxh6 b4 45. axb4+ axb4 46.
Rf6 b3 47. Rf2 Ra8 48. Rb2 Ra2 49. Rb1 Rh2 50. Rc1+ Kb4 51. Kd4 Rd2+ 52. Ke3
Rh2 53. Kd4 b2 54. Rc8 Bb7 0-1

[Event "Ct. Girona indiv. Absolut"]
[Site "Sant Gregori/Girona/Blanes"]
[Date "2014.11.30"]
[Round "9"]
[White "Vidal Zamora, A."]
[Black "Balague Camps, M."]
[Result "1-0"]
[WhiteElo "2391"]
[BlackElo "2207"]
[PlyCount "91"]
[EventDate "2014.??.??"]
[EventType "swiss"]
[EventRounds "9"]
[EventCountry "ESP"]

1. d4 Nf6 2. c4 e6 3. Nc3 Bb4 4. Qc2 O-O 5. a3 Bxc3+ 6. Qxc3 d6 7. f3 d5 8. e3
Nbd7 9. cxd5 exd5 10. Bd3 b6 11. Ne2 c5 12. O-O Bb7 13. b4 c4 14. Bc2 Re8 15.
Ng3 Rc8 16. Bd2 g6 17. Rae1 h5 18. Re2 h4 19. Nh1 Nh5 20. e4 f5 21. Rfe1 dxe4
22. fxe4 fxe4 23. Bxe4 Bxe4 24. Rxe4 Rxe4 25. Rxe4 Ndf6 26. Re5 Qd6 27. Nf2 Kh7
28. Nh3 Ng4 29. Ng5+ Kg8 30. Re8+ Kg7 31. d5+ Nhf6 32. Rxc8 Qxh2+ 33. Kf1 Qh1+
34. Ke2 Qxg2+ 35. Kd1 Qf1+ 36. Be1 Nf2+ 37. Kc2 Nd3 38. Rc7+ Kg8 39. Rc8+ Kg7
40. Ne6+ Kh7 41. Bd2 Qf5 42. Rxc4 Ne5+ 43. Kb2 Nxc4+ 44. Qxc4 Qxd5 45. Qc7+ Qd7
46. Nf8+ 1-0

[Event "Ct. Lleida indiv. Absolut"]
[Site "Tornabous"]
[Date "2014.10.05"]
[Round "1"]
[White "Alferez Valls, R."]
[Black "Palau Cabases, A."]
[Result "0-1"]
[WhiteElo "1853"]
[BlackElo "2157"]
[PlyCount "84"]
[EventDate "2014.??.??"]
[EventType "swiss"]
[EventRounds "9"]
[EventCountry "ESP"]

1. d4 Nf6 2. c4 c5 3. Nf3 g6 4. Nc3 cxd4 5. Nxd4 Bg7 6. e3 d6 7. Be2 O-O 8. O-O
Nc6 9. Nxc6 bxc6 10. Kh1 Rb8 11. f3 Qc7 12. e4 e5 13. Rb1 Be6 14. Bg5 Ne8 15.
Qd2 f6 16. Be3 f5 17. f4 fxe4 18. Nxe4 d5 19. Nc5 Qc8 20. Nxe6 Qxe6 21. cxd5
cxd5 22. Bxa7 Ra8 23. Bc5 Rxf4 24. Rxf4 exf4 25. Bf3 Nc7 26. b4 Qf5 27. Rd1 g5
28. h3 Rd8 29. Bb6 Be5 30. a4 d4 31. Qd3 Qe6 32. a5 Re8 33. Bg4 Qf7 34. Qf5
Qxf5 35. Bxf5 Nd5 36. Bxd4 Bxd4 37. Rxd4 Re1+ 38. Kh2 Ne3 39. Bd3 h5 40. g3 f3
41. Bc4+ Nxc4 42. Rxc4 f2 0-1

[Event "Ct. Lleida indiv. Absolut"]
[Site "Tornabous"]
[Date "2014.10.05"]
[Round "1"]
[White "Aribau Rivas, MA."]
[Black "Tarrago Pinyol, R."]
[Result "1-0"]
[WhiteElo "2150"]
[BlackElo "1838"]
[PlyCount "73"]
[EventDate "2014.??.??"]
[EventType "swiss"]
[EventRounds "9"]
[EventCountry "ESP"]

1. c4 e5 2. Nc3 Bb4 3. Nf3 Nc6 4. g3 Nge7 5. Bg2 Ng6 6. Qc2 d6 7. O-O Bxc3 8.
Qxc3 O-O 9. b4 f5 10. d3 h6 11. b5 Nce7 12. a4 a5 13. Ba3 Ra7 14. c5 b6 15.
cxb6 cxb6 16. Rac1 Be6 17. Nd2 Qb8 18. Qb2 Rc8 19. Rxc8+ Nxc8 20. Rc1 Rc7 21.
Rc6 Rxc6 22. bxc6 Qc7 23. Qb5 Nge7 24. Nc4 d5 25. Bxe7 dxc4 26. Ba3 cxd3 27.
Bd5 Qf7 28. Bxe6 Qxe6 29. exd3 Qe8 30. Qd5+ Kh7 31. Qd7 Qg8 32. Qxf5+ Kh8 33.
Qxe5 Qd8 34. Bb2 Qe7 35. Qf4 Qe1+ 36. Kg2 Qe7 37. Qxh6+ 1-0

[Event "Ct. Lleida indiv. Absolut"]
[Site "Tornabous"]
[Date "2014.10.05"]
[Round "1"]
[White "Campos Olaya, I."]
[Black "Sole Castañe, J."]
[Result "1-0"]
[WhiteElo "2333"]
[BlackElo "1913"]
[PlyCount "74"]
[EventDate "2014.??.??"]
[EventType "swiss"]
[EventRounds "9"]
[EventCountry "ESP"]

1. e4 c6 2. d4 d5 3. exd5 cxd5 4. c4 e6 5. Nc3 Nf6 6. Nf3 Be7 7. Bd3 Nbd7 8. c5
Qc7 9. Nb5 Qb8 10. g3 Nh5 11. Ng5 g6 12. Qf3 O-O 13. Nxh7 e5 14. Nxf8 Bxf8 15.
Qxd5 Ndf6 16. Qxe5 Qxe5+ 17. dxe5 Nd7 18. Nc7 Nxc5 19. Bxg6 fxg6 20. Nxa8 Nd3+
21. Ke2 Nxe5 22. f3 b6 23. Nc7 Bb7 24. Rf1 Bd6 25. Nb5 Bc5 26. Be3 Be7 27. Rac1
Bd8 28. Bd4 Nc6 29. Bc3 Be7 30. Kf2 Bc5+ 31. Kg2 a6 32. Nc7 Bd6 33. Rcd1 Be5
34. Bxe5 Nxe5 35. Rd8+ Kf7 36. Rfd1 Nxf3 37. R1d7+ Kf6 1-0

[Event "Ct. Lleida indiv. Absolut"]
[Site "Tornabous"]
[Date "2014.10.05"]
[Round "1"]
[White "Cardona Marin, W."]
[Black "Llavall Sans, D."]
[Result "0-1"]
[WhiteElo "1911"]
[BlackElo "2257"]
[PlyCount "34"]
[EventDate "2014.??.??"]
[EventType "swiss"]
[EventRounds "9"]
[EventCountry "ESP"]

1. d4 d6 2. Bf4 Nf6 3. h3 Nbd7 4. Nf3 c6 5. e3 Qc7 6. Nc3 e5 7. dxe5 dxe5 8.
Bh2 Bb4 9. a3 Bxc3+ 10. bxc3 Qa5 11. Qd2 Ne4 12. Qd3 Nxc3 13. Nd2 Nd5 14. Qc4
O-O 15. Bd3 Re8 16. a4 N7f6 17. e4 Nf4 0-1

[Event "Ct. Lleida indiv. Absolut"]
[Site "Tornabous"]
[Date "2014.10.05"]
[Round "1"]
[White "Gargallo Serrano, D."]
[Black "Verdes Nadal, R."]
[Result "0-1"]
[WhiteElo "1888"]
[BlackElo "2172"]
[PlyCount "56"]
[EventDate "2014.??.??"]
[EventType "swiss"]
[EventRounds "9"]
[EventCountry "ESP"]

1. Nc3 d5 2. d4 Bf5 3. Nf3 e6 4. Bf4 Nf6 5. a3 a6 6. e3 c5 7. Ne5 Bd6 8. Bd3
Bxd3 9. Qxd3 Nc6 10. Nxc6 bxc6 11. Bxd6 c4 12. Qe2 Qxd6 13. O-O Rb8 14. Rab1
O-O 15. Rfd1 Rb7 16. Na4 Nd7 17. f4 Rfb8 18. c3 Rb5 19. Qc2 Qc7 20. f5 Qa5 21.
fxe6 fxe6 22. Rf1 Rb3 23. Nc5 Nxc5 24. dxc5 Qxc5 25. Rfe1 Qb6 26. Re2 Rxa3 27.
bxa3 Qxb1+ 28. Kf2 Qxc2 0-1

[Event "Ct. Lleida indiv. Absolut"]
[Site "Tornabous"]
[Date "2014.10.05"]
[Round "1"]
[White "Hoyo Segui, J."]
[Black "Arno Bendicho, A."]
[Result "0-1"]
[WhiteElo "1824"]
[BlackElo "2123"]
[PlyCount "38"]
[EventDate "2014.??.??"]
[EventType "swiss"]
[EventRounds "9"]
[EventCountry "ESP"]

1. e4 c5 2. Nf3 Nc6 3. Nc3 g6 4. Bc4 e6 5. a3 Bg7 6. O-O Nge7 7. d3 O-O 8. Be3
d5 9. exd5 exd5 10. Bxc5 dxc4 11. dxc4 Qxd1 12. Raxd1 b6 13. Bd6 Bxc3 14. bxc3
Bg4 15. Rd3 Rfe8 16. Re1 Bxf3 17. Rxf3 Nf5 18. Rd1 Nxd6 19. Rxd6 Re1# 0-1

[Event "Ct. Lleida indiv. Absolut"]
[Site "Tornabous"]
[Date "2014.10.05"]
[Round "1"]
[White "Monfa Sole, R."]
[Black "Foix Martinez, J."]
[Result "1-0"]
[WhiteElo "2160"]
[BlackElo "1877"]
[PlyCount "51"]
[EventDate "2014.??.??"]
[EventType "swiss"]
[EventRounds "9"]
[EventCountry "ESP"]

1. d3 e6 2. a3 d5 3. g3 Nf6 4. Bg2 c5 5. c4 Nc6 6. cxd5 exd5 7. Nf3 Be7 8. O-O
O-O 9. b3 Be6 10. Bb2 Rc8 11. Nbd2 Qb6 12. Rb1 Rfd8 13. Qc2 Na5 14. Bc3 d4 15.
Nc4 Qa6 16. Bxa5 b6 17. Bd2 b5 18. Na5 b4 19. axb4 cxb4 20. Nc4 Nd5 21. Nxd4
Nc3 22. Bxc3 bxc3 23. Ra1 Qb7 24. Bxb7 Rc7 25. Nxe6 fxe6 26. Be4 1-0

[Event "Ct. Lleida indiv. Absolut"]
[Site "Tornabous"]
[Date "2014.10.05"]
[Round "1"]
[White "Parramon Guillaumet, J."]
[Black "Clua Guardia, M."]
[Result "1-0"]
[WhiteElo "2103"]
[BlackElo "1808"]
[PlyCount "33"]
[EventDate "2014.??.??"]
[EventType "swiss"]
[EventRounds "9"]
[EventCountry "ESP"]

1. e4 c5 2. c3 d6 3. d4 cxd4 4. cxd4 g6 5. Nc3 Bg7 6. Be3 Nf6 7. Bc4 O-O 8. f3
Nc6 9. Nge2 Bd7 10. Qd2 Re8 11. a3 Rc8 12. Ba2 a6 13. Bh6 Bh8 14. h4 Qc7 15. h5
Bg7 16. hxg6 Kf8 17. gxh7 1-0

[Event "Ct. Lleida indiv. Absolut"]
[Site "Tornabous"]
[Date "2014.10.05"]
[Round "1"]
[White "Ramon Solans, A."]
[Black "Bonet Verdu, M."]
[Result "1-0"]
[WhiteElo "2400"]
[BlackElo "1924"]
[PlyCount "63"]
[EventDate "2014.??.??"]
[EventType "swiss"]
[EventRounds "9"]
[EventCountry "ESP"]

1. b4 d5 2. Bb2 e6 3. Nf3 f5 4. e3 Nf6 5. a3 Bd6 6. c4 c6 7. d3 O-O 8. Be2 Nbd7
9. Nc3 dxc4 10. dxc4 Qe7 11. c5 Bc7 12. Qc2 b6 13. cxb6 axb6 14. Nb5 cxb5 15.
Qxc7 Ba6 16. Qc2 Ne4 17. O-O Rac8 18. Qb3 Bb7 19. Bxb5 Bd5 20. Qd1 f4 21. Bxd7
Qxd7 22. Ne5 Qe7 23. f3 Nd6 24. e4 Bb7 25. Rc1 Ba6 26. Rf2 Nc4 27. Nxc4 Rxc4
28. Rxc4 Bxc4 29. Rd2 e5 30. Rd7 Qg5 31. Qd6 Bb5 32. Qd5+ 1-0

[Event "Ct. Lleida indiv. Absolut"]
[Site "Tornabous"]
[Date "2014.10.05"]
[Round "1"]
[White "Ruiz Garcia, L."]
[Black "Gutierrez Marcos, F."]
[Result "0-1"]
[WhiteElo "1883"]
[BlackElo "2163"]
[PlyCount "52"]
[EventDate "2014.??.??"]
[EventType "swiss"]
[EventRounds "9"]
[EventCountry "ESP"]

1. e4 Nf6 2. Nc3 d5 3. exd5 Nxd5 4. Nxd5 Qxd5 5. d4 Nc6 6. Nf3 Bg4 7. Be2 O-O-O
8. c3 f6 9. O-O e6 10. b3 g5 11. Re1 h5 12. h3 Bf5 13. Bd3 Bxd3 14. Qxd3 g4 15.
Nh4 Rg8 16. Bf4 Be7 17. Qe3 f5 18. Bg3 gxh3 19. Qxe6+ Qxe6 20. Rxe6 f4 21. Nf5
fxg3 22. Nxe7+ Nxe7 23. Rxe7 gxf2+ 24. Kxf2 Rdf8+ 25. Kg1 Rxg2+ 26. Kh1 Rff2
0-1

[Event "Ct. Lleida indiv. Absolut"]
[Site "Tornabous"]
[Date "2014.10.05"]
[Round "1"]
[White "Solani Nuñez, J."]
[Black "Monell Camarasa, D."]
[Result "0-1"]
[WhiteElo "1919"]
[BlackElo "2340"]
[PlyCount "116"]
[EventDate "2014.??.??"]
[EventType "swiss"]
[EventRounds "9"]
[EventCountry "ESP"]

1. e4 d5 2. exd5 Qxd5 3. Nc3 Qd8 4. Nf3 Nf6 5. d4 c6 6. Bf4 Bf5 7. Bd3 Bxd3 8.
Qxd3 e6 9. Ne4 Nxe4 10. Qxe4 Nd7 11. Rd1 Qa5+ 12. c3 Qxa2 13. Qe2 Be7 14. O-O
Nf6 15. Ra1 Qb3 16. Be5 O-O 17. h4 a5 18. Ng5 h6 19. Nh3 Nd7 20. Rfb1 Nxe5 21.
Qxe5 Qd5 22. Qxd5 exd5 23. g3 b5 24. Nf4 Rfe8 25. Nd3 Bd6 26. Kf1 h5 27. Re1 a4
28. Nb4 Bxb4 29. cxb4 Kf8 30. Rac1 Rxe1+ 31. Kxe1 Re8+ 32. Kd2 Re6 33. Rc3 Ke7
34. Re3 Kf6 35. Rxe6+ fxe6 36. f4 Kf5 37. Ke3 Kg4 38. Kf2 Kh3 39. Kf3 g6 40.
Kf2 Kh2 41. Kf3 Kg1 42. g4 Kh2 43. f5 hxg4+ 44. Kxg4 exf5+ 45. Kg5 Kg3 46. Kxg6
f4 47. h5 f3 48. h6 f2 49. h7 f1=Q 50. h8=Q Qd3+ 51. Kf7 Qd2 52. Qe5+ Kf3 53.
Qf6+ Qf4 54. Qxf4+ Kxf4 55. Ke6 Ke4 56. Kd6 Kxd4 57. Kxc6 Kc4 58. b3+ axb3 0-1

[Event "Ct. Lleida indiv. Absolut"]
[Site "Tornabous"]
[Date "2014.10.05"]
[Round "1"]
[White "Solani Nuñez, J."]
[Black "Vladimirov Savov, T."]
[Result "1-0"]
[WhiteElo "2183"]
[BlackElo "1900"]
[PlyCount "63"]
[EventDate "2014.??.??"]
[EventType "swiss"]
[EventRounds "9"]
[EventCountry "ESP"]

1. d4 d5 2. c4 c6 3. Nc3 e6 4. Nf3 Bb4 5. Qc2 Nf6 6. Bg5 h6 7. Bh4 g5 8. Bg3
Bd6 9. Bxd6 Qxd6 10. e4 dxe4 11. Nxe4 Nxe4 12. Qxe4 Qb4+ 13. Nd2 Qxb2 14. Rd1
Nd7 15. Bd3 c5 16. d5 Qe5 17. O-O f5 18. Qe1 Kf7 19. dxe6+ Qxe6 20. Nf3 Qf6 21.
Qa5 g4 22. Nd2 b6 23. Qa4 Ne5 24. Be2 Bd7 25. Qc2 Bc6 26. f3 gxf3 27. Bxf3
Nxf3+ 28. Nxf3 Rhe8 29. Ng5+ Kg6 30. Rd6 Be4 31. Rxf6+ Kxg5 32. R1xf5+ 1-0